000 00302nam a2200133Ia 4500
008 240624s9999 xx 000 0 und d
041 _aeng
082 _a823 DIL
100 _aSCOTT ADAMS
245 _aDILBERT PRINCIPLE
260 _c2000
_aNew York
_bBoxtree
300 _a336 : p.
365 _cRS
_b20
999 _c14022
_d14022